| 000 | 01510nam0a22003011 4500 | ||
|---|---|---|---|
| 001 | v19\rc\1987131 | ||
| 005 | 20260406175438.0 | ||
| 035 | _a(NLR Aleph) 005082092 | ||
| 090 |
_a7207578 _c7207578 |
||
| 100 | _a20080811d1915 |||y0rusy50 ca | ||
| 101 | 0 | _arus | |
| 102 | _aRU | ||
| 105 | _ay z ||||| | ||
| 200 | 1 | _aОтчет о деятельности Общества взаимного вспомоществования учащим и учившим в Кубанской обл. и Черноморской губ. за 1914 год | |
| 210 |
_a[Екатеринодар _d1915] |
||
| 215 |
_a12 с. _d27 |
||
| 309 | _aБез тит. л. и обл. | ||
| 311 | _aПрил. к № 5 "Кубан. шк." 1915 | ||
| 316 |
_aЭкз. РНБ (3/1633): приплетен к журн. ... _5NLR: 3/1633 |
||
| 422 | 0 |
_12001#$aКубанская школа$v1915, № 5 _tКубанская школа |
|
| 482 | 0 |
_1001RU\NLR\INFOCOMM6\1000422306 _12001#$aКубанская школа$v1915, № 5 _92405760 _cБ. м. _d1915 _tКубанская школа. - Г.2 1915, №5 _v1915, № 5 |
|
| 710 | 0 | 2 |
_aОбщество взаимного вспомоществования учащим и учившим в начальных училищах Кубанской области и Черноморской губернии _9382631 _3RU\NLR\AUTH\889943721 |
| 801 | 0 |
_aRU _bNLR _gpsbo |
|
| 801 | 0 |
_aRU _bRuMoRGB _2psbo |
|
| 801 | 1 |
_aRU _bProSoft-M _2rusmarc |
|
| 852 |
_aNLR _j3/1633 |
||
| 942 | _cBOOK | ||
| 980 | _aNB | ||